Rozwój demograficzny Ziem Zachodnich i Północnych Polski

Titel: Rozwój demograficzny Ziem Zachodnich i Północnych Polski
Verfasser:
In: Przegla̜d geograficzny, Band 70, Heft 1 (1998), Seite 87-100, ryc. 2, tab. 3
alle Artikel anzeigen
Veröffentlicht: 1998
Format: Aufsatz
Sprache: Polnisch
Kein Bild verfügbar
X
alg: 39451793
001A    $01999:12-11-16 
001B    $01999:29-04-21 $t21:34:12.000 
001C    $06050:19-11-16 $t08:53:25.000 
001D    $01999:12-11-16 
001U    $0utf8 
001X    $00 
002@    $0Aox 
003@    $0394517938 
007A    $0394517938 $aHEB 
007T    $0Herdww025792 
010@    $apol 
011@    $a1998 
021A    $aRozwój demograficzny Ziem Zachodnich i Północnych Polski 
028A    $#Eberchard, Pʹotr $#Eberhardt, Piotr Jan $#Ėberchardt, Petr $#Eberchardt, Piotr $#Eberchardt, Petr $#Eberchard, P'otr $7133163202 $8Eberhardt, Piotr$Z1935- [Tp1] $9188908803 
031A    $d70 $e1 $h87-100, ryc. 2, tab. 3 $j1998 
037A    $aengl. Res. 100: Demographic Development of Western and Northern Areas of Poland 
039B    $aIn $8--Abvc--. Przegla̜d geograficzny. - Warszawa : Państwowe Wydawn. Naukowe, 1918-. - ISSN 0033-2143 $x199800000700001913 $9047308648 
045F    $a304.609438 $eDDC23BSB 
045F/01 $a304.609 
045F/03 $g438 
045F/03 $g4385 
045T    $a14 

lok: 39451793 78

exp: 39451793 78 1 #EPN
201B/01 $005-12-17 $t23:51:23.000 
201U/01 $0utf8 
203@/01 $0790628368 
208@/01 $a12-11-16 $be 
209A/01 $a/ $f000 $x00 
220C/01 $aTitelaufnehmer: KS 
244Z/01 $2Trx $#Poola $#Lenkija $#Polija $#Polen Land $#Poland $#Lengyelország $#Poľsko $#Polsko $8--Trx--Polska$gkraj $x01 $9391345966 
244Z/01 $2Trx $#Silesia $#Śląsk $#Sliezsko $#Slezsko $8--Trx--Schlesien $x02 $9391173987 
244Z/01 $#Ehemalige deutsche Ostgebiete $#Ostgebiete des Deutschen Reiches $#Kresy wschodnie byłe niemieckie $#Eastern Territories Former German $#Ziemie Zachodnie i Północne $74070350-2 $8--Tg1--Deutsche Ostgebiete $x03 $9085197912 
244Z/01 $aGeschichte 1950-1996 $x04 
244Z/01 $2Trx $#rahvastik liikumine ja struktuur $#gyventojai $#population migration, social stratification of the population $#népesség mozgalom és struktúra $#ludność ruch naturalny i struktura $#obyvateľstvo pohyb a štruktúra obyvateľstva $#obyvatelstvo pohyb a struktura obyvatelstva $#Sozialstruktur $#struktura społeczna $8--Trx--Bevölkerung$gBewegung und Struktur $x05 $9391372521 
244Z/01 $2Trx $8--Trx--Zeitschriftenaufsatz $x06 $9391384341 
245Z/01 $a08.02 $x01 
247C/01 $82080>Marburg/Lahn, Herder-Institut, Forschungsbibliothek, Bibliographieportal $9336309341
LEADER 00000caa a22000002c 4500
001 394517938
003 DE-603
005 20210429213412.0
007 tu
008 161112s1998 xx |||| | u00||u|pol c
035 |a (DE-599)HEB394517938 
040 |a DE-603  |b ger  |c DE-603  |d DE-603 
041 |a pol 
082 0 4 |8 1\u  |a 304.609438  |q DE-101  |2 23/BSB 
084 |a 14  |2 ssgn 
085 |8 1\u  |b 304.609 
085 |8 1\u  |z 2  |s 438 
085 |8 1\u  |z 2  |s 4385 
100 1 |a Eberhardt, Piotr  |d 1935-  |0 (DE-603)188908803  |0 (DE-588)133163202  |2 gnd 
245 0 0 |a Rozwój demograficzny Ziem Zachodnich i Północnych Polski 
264 0 |c 1998 
500 |a engl. Res. 100: Demographic Development of Western and Northern Areas of Poland 
773 0 8 |i In  |t Przegla̜d geograficzny  |d Warszawa : Państwowe Wydawn. Naukowe, 1918-  |x 0033-2143  |g Band 70, Heft 1 (1998), Seite 87-100, ryc. 2, tab. 3  |w (DE-603)047308648  |w (DE-600)209415-0 
924 0 |9 2080  |a (DE-603)790628368  |b DE-2080  |c HES  |d d  |g /